| 000 | 00759nam a22002297a 4500 | ||
|---|---|---|---|
| 005 | 20170124110209.0 | ||
| 010 | _aA-945423 | ||
| 020 |
_c00.00 _a8173912548 |
||
| 035 | _aA-945423 | ||
| 037 | _bCen Lib/Ret | ||
| 040 |
_aDPL _bEN |
||
| 082 |
_a647.95 _bNEG |
||
| 100 |
_aNegi, Jagmohan _918453 |
||
| 245 |
_aFood and beverage : _cby Jagmohan Negi _bmanagement and cost control / |
||
| 260 |
_aNew Delhi _bKanishka Publishers, Distributors _c1999 |
||
| 270 |
_bNew Delhi _e110002 _a4697/5-21A, Ansari Road, Darya Ganj |
||
| 300 |
_a397p. _c25cm(Hb) |
||
| 500 | _aIncludes index | ||
| 650 |
_aFood industry and trade -- Management _937954 |
||
| 650 |
_aFood industry and trade -- Cost control _937955 |
||
| 942 |
_2ddc _cEN _h647.95 _mNEG |
||
| 999 |
_c133441 _d133441 |
||